000 00581cam a22002171 4500
001 sa 66007014
003 DLC
005 20260227112301.0
008 890420s1963 io a 000 0 dut
010 _asa 66007014
035 _a(OCoLC)23432914
040 _aDLC
_cMiU
_dDLC
042 _apremarc
050 0 0 _aHD85
_b.K435
110 2 _aKertonegoro.
245 1 0 _aDiktat kuliah untuk tingkat doctoral.
260 _aJogjakarta,
_bPenerbit Diktat UGM Dwitunggal
_c[1963?]
300 _a82 p.
_billus.
_c22 cm.
650 0 _aEconomic policy
740 0 _aPerentjanaan ekonomi.
999 _c70873
_d70873